The Big Lez Show Quiz - Statistics

General Stats
  • This quiz has been taken 161 times
    153 since last reset
  • The average score is 20 of 93
Answer Stats
Clue Answer % Correct
Kingdom Cumians Protagonist Lezly Mackerel
100%
Kingdom Cumians Evil brother Norton Sparkles
94%
Kingdom Cumians Scientist turned mailman Clarence Claymore
93%
Kingdom Cumians Their father King Laranox
85%
Sasquatches Brown fur, perpetually abusing drugs Sassy
82%
Sasquatches Green fur, the chef Donny the Dealer
81%
Humans Started smoking at age 4 Mike Nolan
77%
Kingdom Cumians Lifeguard with accent Ellis Warnington
75%
Sasquatches Cream fur Scruffy
69%
Trivia Race of mutants Choomahs
58%
Sasquatches Light grey fur, probably very old Wayno
52%
Kingdom Cumians His cousin Sergio Warnington
48%
Sasquatches Dark grey fur, evil Cecil
46%
Trivia Setting Brown Town
43%
Trivia Favourite cigarettes Winfield Blues
43%
Other characters Goes with sasquatches Owly
40%
Kingdom Cumians Scientist Glen
37%
Voice cast Creator/producer Jarrad Wright
33%
Trivia Synthetic drug in cookies Heroine
32%
Trivia Catchphrase of brown sasquatch Wadiyatalkinabeet?
31%
Trivia What protagonist builds Spaceship
29%
Trivia Product of above Trippa Snippa
28%
Season 1 28 January 2013 Choomah Island
26%
Season 2 13 March 2013 The Trippa Snippa
26%
Trivia Where to win $100 million Pokies
25%
Humans Breaking Nooz anchor Simon Sniffcock
25%
Other characters Talking mutant Bumble Brutus
24%
Trivia Business (S2E2) Sassy Foods
24%
Season 1 16 July 2012 The Volcano Bong
24%
Trivia Secret hideout Volcano Bong
24%
Season 3 21 August 2015 Choomah Island 2
20%
Sasquatches White fur, owns a stand-up paddleboard Kizza
20%
Sasquatches Orange fur, drives a train Scotty
20%
Humans Narrator Charles Charlington
19%
Season 4 26 January 2019 Choomah Island 3: Denouement
19%
Trivia The secret Glenworld
18%
Season 1 16 July 2012 The Flowers
16%
Trivia Most hated cigarettes Marlboro Reds
15%
Season 3 18 August 2014 Popcoin
15%
Humans Adopted son Quinton Mackerel
15%
Kingdom Cumians Scientist Betty
12%
Season 3 15 September 2014 Yoweed
12%
Other characters Zombie pilot daednU
10%
Season 3 4 August 2014 Ahow
9%
Season 1 18 July 2012 Father's Day
9%
Season 2 10 March 2014 Attack of the Choomahs (Part 1)
8%
Season 2 12 May 2014 Attack of the Choomahs (Part 2)
8%
Season 3 1 September 2014 Lez's Secret
8%
Season 3 7 July 2014 Skits Roof Hangs
8%
Other characters In the bar Taipan Pete
8%
Voice cast Assistant producer Tom Hollis
8%
Season 3 21 July 2014 Yeah Nah, Mate
8%
The Mike Nolan Show 12 September 2016 Yeah Nah Yeah
8%
Season 1 18 July 2012 A Day at the Beach
7%
Season 2 28 May 2013 Birthday Bash
7%
Season 2 10 July 2013 Busted
7%
Season 4 10 March 2017 I'm on a Skits Mission
7%
Voice cast Assistant producer Izak Whear
7%
The Mike Nolan Show 13 October 2016 Lantana Bush
7%
Season 1 17 July 2012 Meet Mike Nolan
7%
Season 2 22 November 2013 Never Again Land
7%
Season 1 16 July 2012 Norton's Revenge
7%
Season 4 22 August 2017 Plac-key
7%
Season 1 5 August 2012 The Cliff Hanger
7%
Season 2 4 March 2013 They're Back
7%
Season 4 27 September 2017 Vinally
7%
The Mike Nolan Show 26 September 2016 Anotha Day, Anotha Dolla
6%
The Mike Nolan Show 4 October 2016 Ding Dong Delli
6%
Season 2 16 January 2014 Goin' Back
6%
Other characters Diminutive freak who lives on island Hansel
6%
Season 3 26 October 2014 Lez's Secret Revealed
6%
Season 2 4 September 2013 Life in the Can
6%
Humans Corrupt Policeman of Brown Town
6%
Season 3 21 December 2014 Potadahead
6%
Season 1 22 July 2012 Quinton's Birthday
6%
Mike Nolan's Long Weekend 8 August 2019 BBQ
5%
Season 3 29 September 2014 Bindi's
5%
The Mike Nolan Show 19 September 2016 F.T.C.
5%
Trivia Portable stove SasM8
5%
Season 1 10 September 2012 The Brutal Truth
5%
Mike Nolan's Long Weekend 8 August 2019 The Pub
5%
Humans Breaking Nooz reporter Cock Nostril
4%
Trivia Catchphrase of white sasquatch Didntknowatwasgoinon
4%
Mike Nolan's Long Weekend 8 August 2019 Kick'n the Footy
4%
Season 1 24 July 2012 Lez & Quinton Charge the Scooby-Doo Spooky Coaster
4%
Mike Nolan's Long Weekend 8 August 2019 Out on the Tinny
4%
Trivia Scratchy symbols win a quintillion Three mandarins
4%
Season 2 8 April 2013 Where's the Gold?
4%
Voice cast Guest Cody Paxton-Hay
3%
Humans Guy outside club Eshay Lad
3%
Mike Nolan's Long Weekend 8 August 2019 Quarter Pipe
3%
Voice cast Guest Tommo Graham
3%
Season 4 24 December 2017 Word From The King
3%
No matching quizzes found
Score Distribution
Percent of People with Each Score
Percentile by Number Answered
Your Score History
You have not taken this quiz since the last reset